| 000 | 00528nam a2200169Ia 4500 | ||
|---|---|---|---|
| 003 | SGT | ||
| 020 | _a9780070087699 | ||
| 082 |
_a670 _bRAO |
||
| 100 | _aRao,P.N | ||
| 245 | _aManufacturing technology | ||
| 250 | _a2nf & 3rd . Ed. | ||
| 260 |
_bTata McGraw Hill Education Private Limited _aNew Delhi _c2011 |
||
| 300 | _a502p. | ||
| 650 | _aMECHANICAL ENGINEERING,METAL CUTTING,MACHINE TOOLS,CENTRE LATHE,SPECIAL PURPOSE LATHES | ||
| 700 | _aENGINEERING MATERIALS, METAL CASTING PROCESSES, WELDING PROCESSES | ||
| 942 |
_2ddc _cBK |
||
| 999 |
_c5221 _d5221 |
||